Tratado de Derecho del trabajo y seguridad social

Saved in:
Bibliografiske detaljer
Hovedforfatter: Gaete Berríos, Alfredo (autor)
Format: Bog
Sprog:spansk
Udgivet: Santiago, Chile Jurídica de Chile 1966
Fag:
Tags: Tilføj Tag
Ingen Tags, Vær først til at tagge denne postø!

MARC

LEADER 00000nam a2200000 a 4500
001 UCS2710
003 CL-VaPUC
005 20231109170918.0
008 970604e19660000CL |||||||||||||||||spa|d
999 |c 260648  |d 260646 
040 |c Pontificia Universidad Católica de Valparaíso 
082 0 4 |a 344.01 GAE 1966  |2 21 
100 |a Gaete Berríos, Alfredo  |e autor  |9 480656 
245 1 0 |a Tratado de Derecho del trabajo y seguridad social 
260 0 3 |a Santiago, Chile  |b Jurídica de Chile  |c 1966 
300 |a 4 volúmenes 
583 |a last modification  |c 20170712 04:36:50  |k Rodrigo Vera 
650 7 |a DERECHO LABORAL  |2 CL-VaPUC  |9 15 
650 0 |a Fuentes del derecho   |9 255162 
650 7 |a CONTRATO DE TRABAJO  |2 CL-VaPUC  |9 388434 
650 0 |a Recursos procesales  |9 255595 
650 0 |a Sindicatos  |9 255034 
650 7 |a CONTRATO COLECTIVO DEL TRABAJO  |2 CL-VaPUC  |9 388435 
650 7 |a CONFLICTO LABORAL  |2 CL-VaPUC  |9 354657 
650 7 |a HUELGA  |2 CL-VaPUC  |9 17 
650 0 |a Accidentes de trabajo  |9 254901 
650 0 |a Enfermedades profesionales  |9 368084 
650 0 |a Seguridad social  |9 255322 
942 |c BK  |2 ddc 
945 |d 19970604 00:00:00  |a lriquelm 
952 |0 0  |1 0  |4 0  |6 344_010000000000000_GAE_1966  |7 0  |8 A  |9 286908  |a BIBDER  |b BIBDER  |d 2019-11-19  |h v.1  |i 1863193  |o 344.01 GAE 1966  |p 1863193  |r 2023-01-25  |t 1  |w 2019-11-19  |y BK  |k DER 
952 |0 0  |1 0  |4 0  |6 344_010000000000000_GAE_1966  |7 0  |8 A  |9 286909  |a BIBDER  |b BIBDER  |d 2019-11-19  |h v.2  |i 1863215  |o 344.01 GAE 1966  |p 1863215  |r 2023-01-25  |t 1  |w 2019-11-19  |y BK  |k DER 
952 |0 0  |1 0  |4 0  |6 344_010000000000000_GAE_1966  |7 0  |8 A  |9 286910  |a BIBDER  |b BIBDER  |d 2019-11-19  |h v.3  |i 1863223  |o 344.01 GAE 1966  |p 1863223  |r 2023-01-25  |t 1  |w 2019-11-19  |y BK  |k DER 
952 |0 0  |1 0  |4 0  |6 344_010000000000000_GAE_1966  |7 0  |8 A  |9 286911  |a BIBDER  |b BIBDER  |d 2019-11-19  |h v.4  |i 1863231  |o 344.01 GAE 1966  |p 1863231  |r 2023-01-25  |t 1  |w 2019-11-19  |y BK  |k DER